Responses for Show #3486 - Monday, November 1, 1999

1999-B Teen Tournament quarterfinal game 1.

Contestants

[<< previous game]

Gerrit Hall, a senior from Redmond, Washington

Marcia Hensley, a junior from Springtown, Texas

Brian Polk, a senior from Huntington Woods, Michigan

[next game >>]

Jeopardy! Round responses

WORLD HISTORY
KIDS IN THE NEWS
HOLIDAYS
PARTS OF THE WHOLE
STATE FACTS
TRENDS
    $100 11
(B: Who is Montezuma?)

Aztec Empire

Brian
Triple Stumper
    $100 16
Well

Brian
    $100 26
Thanksgiving

Brian
    $100 1
Head

Gerrit
    $100 21
Los Angeles

Gerrit
    $100 5
Tamagotchi

Gerrit
    $200 12
Joan of Arc

Gerrit
    $200 17
Chess

Brian
    $200 27
Labor Day

Brian
    $200 2
Corn

Gerrit
    $200 22
Florida

Gerrit
    $200 6
Tae Bo

Brian
    $300 13
Roman Empire

Gerrit
    $300 18
NYC Philharmonic

Brian
    $300 28
March 17

Brian
    $300 3
Window

Gerrit
    $300 23
George W. Bush

Marcia
    $300 7
Beanie Babies

Brian
    $400 14
Australia

Marcia
    $700 19
(B: What is the California Institute of Technology?)

Caltech

Brian
    $400 29
Valentine's Day

Marcia
    $400 4
Scissors

Marcia
    $400 24
Nevada

Gerrit
    $400 8
Celebrity Deathmatch

Gerrit
    $500 15
Henry VIII

Marcia
    $500 20
Diving

Brian
    $500 30
Veterans

Brian
    $500 10
Shoelace

Brian
    $500 25
Alaska

Gerrit
    $500 9
Boba Fett

Gerrit

Scores at the first commercial break (after clue 15):

Brian Marcia Gerrit
$900 $1,300 $2,100

Scores at the end of the Jeopardy! Round:

Brian Marcia Gerrit
$3,800 $2,000 $3,300

Double Jeopardy! Round responses

SALUTE THE FLAG
ON THEIR PERMANENT RECORDS
DISNEY MOVIES
HISTORIC FASHION
MATH CLASS
GIVE ME AN "A"!
    $200 16
(G: What is 50?)

48

MarciaGerrit
    $200 26
Abraham Lincoln

Gerrit
    $200 1
Tarzan

Marcia
    $200 21
Feather

Marcia
    $200 7
49 (7 X 7)

Gerrit
    $200 6
Acorn

Brian
    $400 17
Canada

Brian
    $400 27
Louisa May Alcott

Brian
    $400 2
Mary Poppins

Gerrit
    $400 22
Armor

Gerrit
    $400 8
23

Brian
    $400 12
Atlas

Marcia
    $600 18
Star of David

Marcia
    $600 28
Nathaniel Hawthorne

Gerrit
    $600 3
101 Dalmatians

Gerrit
    $600 23
(Alex: Some kids didn't like wearing them; I know I didn't!)

Sailor's suit

Triple Stumper
    $3,000 9
44

Brian
    $600 13
(G: What is an antagonist?)

Adversary

Gerrit
Triple Stumper
    $800 19
United Nations

Gerrit
    $800 29
(Brian: Thank You, Mr. James!)

Thomas Paine

Brian
    $800 4
Tiger Lily

Brian
    $800 24
(Alex: Tough to say & tough to wear!)

Hoop skirts

Marcia
    $800 10
2

Gerrit
    $800 14
Architecture

Marcia
    $1000 20
(B: Who is Suharto?)

Akihito

Brian
Triple Stumper
    $1,200 30
(Brian: Who is DuBois?)

Booker T. Washington

Brian
    $1000 5
Demi Moore

Marcia
    $1000 25
Turtlenecks

Brian
    $1000 11
(B: What is 40?)

50 (1000/20)

BrianGerrit
    $1000 15
Arabic

Marcia

Scores at the end of the Double Jeopardy! Round:

Brian Marcia Gerrit
$7,600 $7,200 $7,500

Final Jeopardy! Round responses

20th CENTURY AUTHORS
MarciaWho is Teddy Roosevelt?
$2,800
GerritWho is Conrad?
$2,502
BrianWho was Dr. Livingston?
$4,000
Ernest Hemingway

Final scores:

Brian Marcia Gerrit
$3,600 $4,400 $4,998
3rd place: $2,500 if eliminated 2nd place: $2,500 if eliminated Automatic semifinalist

Game dynamics:

Coryat scores:

Brian Marcia Gerrit
$6,100 $7,200 $7,500
20 R
(including 2 DDs),
4 W
(including 1 DD)
14 R,
0 W
21 R,
2 W

Combined Coryat: $20,800

[game clues] [game scores] [suggest correction]

Game tape date: 1999-09-13
The J! Archive is created by fans, for fans. Scraping, republication, monetization, and malicious use prohibited; this site may use cookies and collect identifying information. See terms. The Jeopardy! game show and all elements thereof, including but not limited to copyright and trademark thereto, are the property of Jeopardy Productions, Inc. and are protected under law. This website is not affiliated with, sponsored by, or operated by Jeopardy Productions, Inc. Join the discussion at JBoard.tv.